| 000 | 00663nam a2200241Ia 4500 | ||
|---|---|---|---|
| 003 | OSt | ||
| 005 | 20220927112230.0 | ||
| 006 | a|||||r|||| 00| 0 | ||
| 007 | ta | ||
| 008 | 220926b |||||||| |||| 00| 0 eng d | ||
| 024 | _a110117 | ||
| 037 | _cReports | ||
| 040 |
_aRTL _cRTL _beng |
||
| 041 |
_2eng _aeng |
||
| 082 | _a"X9(JB).438r, (GD)" | ||
| 110 | _a"India, Government of..." | ||
| 245 | 0 | _aProgress report of the forests of the Tenasserim a | |
| 260 |
_aCalcutta _bAllion Press India |
||
| 650 | _aForestry Industry | ||
| 700 | _a"India, Government of..." | ||
| 942 |
_h"X9(JB).438r, (GD)" _cCC |
||
| 999 |
_c699977 _d699977 |
||